Tilastot visalle Nopea matematiikka - tuplaa tämä luku!

Klikkaa tästä pelataksesi tätä visaa!

Yleistilastot

  • Tätä visaa on pelattu 655 kertaa
  • Keskiarvotulos 10 / 20

Vastaustilastot

määräkaksinkertainen% Oikein
5021004
100%
5091018
100%
5101020
100%
5111022
100%
5171034
100%
5221044
100%
5231046
100%
5251050
100%
5271054
100%
5321064
100%
5391078
100%
5401080
100%
55110
100%
5521104
100%
5531106
100%
5551110
100%
5571114
100%
5601120
100%
5631126
100%
5651130
100%
58116
100%
5901180
100%
5911182
100%
612
100%
60120
100%
6031206
100%
6051210
100%
6061212
100%
6141228
100%
6161232
100%
62124
100%
6241248
100%
6251250
100%
6281256
100%
6311262
100%
6331266
100%
6341268
100%
6441288
100%
6551310
100%
6661332
100%
70140
100%
7011402
100%
7031406
100%
7081416
100%
7141428
100%
7171434
100%
7201440
100%
7211442
100%
7321464
100%
7331466
100%
7381476
100%
75150
100%
7501500
100%
7531506
100%
7571514
100%
7601520
100%
77154
100%
7721544
100%
7811562
100%
79158
100%
816
100%
8021604
100%
8041608
100%
8051610
100%
8161632
100%
8171634
100%
8191638
100%
8221644
100%
83166
100%
8311662
100%
8321664
100%
85170
100%
8521704
100%
86172
100%
8761752
100%
8931786
100%
8991798
100%
9031806
100%
91182
100%
9211842
100%
9271854
100%
9281856
100%
9321864
100%
94188
100%
9401880
100%
9551910
100%
97194
100%
9701940
100%
99198
100%
102204
100%
103206
100%
106212
100%
1122
100%
110220
100%
121242
100%
122244
100%
123246
100%
124248
100%
125250
100%
131262
100%
134268
100%
135270
100%
1428
100%
141282
100%
144288
100%
146292
100%
147294
100%
148296
100%
149298
100%
153306
100%
154308
100%
155310
100%
1632
100%
160320
100%
163326
100%
179358
100%
1836
100%
181362
100%
191382
100%
2040
100%
200400
100%
202404
100%
204408
100%
206412
100%
207414
100%
210420
100%
211422
100%
212424
100%
213426
100%
214428
100%
215430
100%
219438
100%
222444
100%
223446
100%
224448
100%
225450
100%
2346
100%
232464
100%
234468
100%
241482
100%
2550
100%
255510
100%
256512
100%
257514
100%
263526
100%
2754
100%
275550
100%
279558
100%
291582
100%
297594
100%
299598
100%
3060
100%
303606
100%
305610
100%
308616
100%
311622
100%
312624
100%
313626
100%
317634
100%
3264
100%
323646
100%
325650
100%
326652
100%
327654
100%
332664
100%
338676
100%
340680
100%
347694
100%
3570
100%
351702
100%
352704
100%
3672
100%
382764
100%
3978
100%
390780
100%
396792
100%
399798
100%
404808
100%
405810
100%
4182
100%
414828
100%
416832
100%
418836
100%
424848
100%
425850
100%
430860
100%
432864
100%
433866
100%
4488
100%
441882
100%
443886
100%
444888
100%
445890
100%
446892
100%
450900
100%
453906
100%
459918
100%
482964
100%
488976
100%
4998
100%
431862
86%
6071214
83%
6131226
83%
9301860
83%
107214
83%
114228
83%
117234
83%
6021204
80%
7051410
80%
7071414
80%
82164
80%
9511902
80%
100200
80%
105210
80%
130260
80%
167334
80%
298596
80%
3468
80%
5011002
75%
51102
75%
5151030
75%
52104
75%
5211042
75%
5441088
75%
6221244
75%
65130
75%
6501300
75%
6891378
75%
7111422
75%
7181436
75%
7801560
75%
8071614
75%
81162
75%
8601720
75%
8771754
75%
8801760
75%
9001800
75%
9021804
75%
9071814
75%
9311862
75%
9601920
75%
9801960
75%
9941988
75%
113226
75%
115230
75%
128256
75%
140280
75%
227454
75%
261522
75%
270540
75%
2958
75%
290580
75%
300600
75%
3162
75%
366732
75%
406812
75%
426852
75%
440880
75%
493986
75%
498996
75%
226452
71%
5061012
67%
5121024
67%
5241048
67%
5291058
67%
5351070
67%
5811162
67%
6081216
67%
6111222
67%
6361272
67%
6451290
67%
6571314
67%
67134
67%
6741348
67%
714
67%
7191438
67%
72144
67%
7251450
67%
7311462
67%
7451490
67%
7521504
67%
7641528
67%
7901580
67%
7991598
67%
8011602
67%
8031606
67%
8131626
67%
8141628
67%
8201640
67%
8481696
67%
8511702
67%
8611722
67%
8891778
67%
9041808
67%
9091818
67%
9121824
67%
9391878
67%
9741948
67%
9851970
67%
9871974
67%
118236
67%
127254
67%
139278
67%
142284
67%
145290
67%
150300
67%
1734
67%
188376
67%
195390
67%
199398
67%
218436
67%
220440
67%
240480
67%
250500
67%
283566
67%
285570
67%
287574
67%
302604
67%
306612
67%
310620
67%
333666
67%
335670
67%
339678
67%
371742
67%
398796
67%
400800
67%
413826
67%
415830
67%
442884
67%
4590
67%
454908
67%
4692
67%
461922
67%
462924
67%
464928
67%
4794
67%
383766
63%
411822
63%
5261052
60%
5361072
60%
54108
60%
5991198
60%
7551510
60%
76152
60%
92184
60%
9581916
60%
184368
60%
1938
60%
193386
60%
216432
60%
239478
60%
260520
60%
294588
60%
318636
60%
365730
60%
476952
60%
6261252
57%
5001000
50%
5031006
50%
5041008
50%
5081016
50%
5181036
50%
5191038
50%
53106
50%
5341068
50%
5381076
50%
5431086
50%
5491098
50%
5501100
50%
5561112
50%
5611122
50%
5691138
50%
57114
50%
5751150
50%
5771154
50%
5801160
50%
5821164
50%
5861172
50%
5871174
50%
5951190
50%
6041208
50%
6121224
50%
6151230
50%
6171234
50%
6181236
50%
6201240
50%
6211242
50%
6231246
50%
6301260
50%
6401280
50%
6641328
50%
6681336
50%
68136
50%
6801360
50%
6831366
50%
6841368
50%
69138
50%
6901380
50%
6961392
50%
6971394
50%
6981396
50%
7091418
50%
71142
50%
7101420
50%
7161432
50%
7351470
50%
7421484
50%
7461492
50%
7591518
50%
7621524
50%
7651530
50%
7761552
50%
78156
50%
7831566
50%
7851570
50%
7961592
50%
7971594
50%
80160
50%
8081616
50%
8151630
50%
8241648
50%
8251650
50%
8261652
50%
8331666
50%
8341668
50%
8401680
50%
8431686
50%
8441688
50%
8451690
50%
8471694
50%
8501700
50%
8531706
50%
8671734
50%
87174
50%
8851770
50%
8881776
50%
89178
50%
8961792
50%
90180
50%
9011802
50%
9101820
50%
9111822
50%
9191838
50%
9221844
50%
9251850
50%
9261852
50%
9351870
50%
9361872
50%
9421884
50%
9471894
50%
9481896
50%
9491898
50%
9541908
50%
9571914
50%
9621924
50%
9661932
50%
9681936
50%
9721944
50%
9761952
50%
9771954
50%
9781956
50%
9811962
50%
9881976
50%
104208
50%
116232
50%
1224
50%
120240
50%
129258
50%
1326
50%
133266
50%
157314
50%
162324
50%
165330
50%
185370
50%
187374
50%
189378
50%
190380
50%
201402
50%
217434
50%
230460
50%
235470
50%
249498
50%
251502
50%
253506
50%
259518
50%
2652
50%
262524
50%
265530
50%
277554
50%
2856
50%
280560
50%
281562
50%
296592
50%
304608
50%
314628
50%
319638
50%
321642
50%
324648
50%
329658
50%
344688
50%
348696
50%
349698
50%
350700
50%
353706
50%
357714
50%
360720
50%
362724
50%
364728
50%
368736
50%
370740
50%
378756
50%
3876
50%
381762
50%
384768
50%
386772
50%
392784
50%
394788
50%
395790
50%
402804
50%
407814
50%
408816
50%
410820
50%
422844
50%
427854
50%
435870
50%
437874
50%
439878
50%
448896
50%
452904
50%
465930
50%
470940
50%
479958
50%
490980
50%
491982
50%
497994
50%
6481296
43%
8591718
43%
428856
43%
5511102
40%
64128
40%
6821364
40%
7361472
40%
9611922
40%
9921984
40%
108216
40%
164328
40%
328656
40%
469938
40%
474948
40%
5331066
33%
5641128
33%
5681136
33%
5851170
33%
5971194
33%
6011202
33%
6271254
33%
6381276
33%
6461292
33%
6491298
33%
6541308
33%
6601320
33%
6771354
33%
6791358
33%
6811362
33%
6861372
33%
6911382
33%
6991398
33%
7261452
33%
7271454
33%
73146
33%
7341468
33%
74148
33%
7471494
33%
7491498
33%
7611522
33%
8211642
33%
8271654
33%
8391678
33%
8461692
33%
8541708
33%
8661732
33%
8741748
33%
8831766
33%
8861772
33%
9051810
33%
9171834
33%
9231846
33%
9461892
33%
9501900
33%
9531906
33%
9731946
33%
9791958
33%
98196
33%
9831966
33%
9891978
33%
9901980
33%
9911982
33%
112224
33%
143286
33%
156312
33%
158316
33%
172344
33%
180360
33%
192384
33%
196392
33%
236472
33%
248496
33%
264528
33%
272544
33%
274548
33%
288576
33%
295590
33%
315630
33%
316632
33%
334668
33%
336672
33%
369738
33%
388776
33%
393786
33%
397794
33%
417834
33%
458916
33%
460920
33%
466932
33%
468936
33%
472944
33%
485970
33%
489978
33%
6631326
29%
5301060
25%
56112
25%
5741148
25%
5961192
25%
6321264
25%
6391278
25%
6711342
25%
6781356
25%
7411482
25%
7581516
25%
7731546
25%
7771554
25%
8001600
25%
8291658
25%
8411682
25%
8621724
25%
8721744
25%
8841768
25%
8901780
25%
9081816
25%
9151830
25%
9341868
25%
9631926
25%
9641928
25%
9841968
25%
9931986
25%
126252
25%
159318
25%
161322
25%
174348
25%
175350
25%
282564
25%
367734
25%
379758
25%
380760
25%
421842
25%
434868
25%
447894
25%
455910
25%
456912
25%
475950
25%
5451090
20%
7661532
20%
7941588
20%
8681736
20%
343686
20%
375750
20%
480960
20%
6581316
17%
510
0%
50100
0%
5051010
0%
5071014
0%
5131026
0%
5141028
0%
5161032
0%
5201040
0%
5281056
0%
5311062
0%
5371074
0%
5411082
0%
5421084
0%
5461092
0%
5471094
0%
5481096
0%
5541108
0%
5581116
0%
5591118
0%
5621124
0%
5661132
0%
5671134
0%
5701140
0%
5711142
0%
5721144
0%
5731146
0%
5761152
0%
5781156
0%
5791158
0%
5831166
0%
5841168
0%
5881176
0%
5891178
0%
59118
0%
5921184
0%
5931186
0%
5941188
0%
5981196
0%
6001200
0%
6091218
0%
61122
0%
6101220
0%
6191238
0%
6291258
0%
63126
0%
6351270
0%
6371274
0%
6411282
0%
6421284
0%
6431286
0%
6471294
0%
6511302
0%
6521304
0%
6531306
0%
6561312
0%
6591318
0%
66132
0%
6611322
0%
6621324
0%
6651330
0%
6671334
0%
6691338
0%
6701340
0%
6721344
0%
6731346
0%
6751350
0%
6761352
0%
6851370
0%
6871374
0%
6881376
0%
6921384
0%
6931386
0%
6941388
0%
6951390
0%
7001400
0%
7021404
0%
7041408
0%
7061412
0%
7121424
0%
7131426
0%
7151430
0%
7221444
0%
7231446
0%
7241448
0%
7281456
0%
7291458
0%
7301460
0%
7371474
0%
7391478
0%
7401480
0%
7431486
0%
7441488
0%
7481496
0%
7511502
0%
7541508
0%
7561512
0%
7631526
0%
7671534
0%
7681536
0%
7691538
0%
7701540
0%
7711542
0%
7741548
0%
7751550
0%
7781556
0%
7791558
0%
7821564
0%
7841568
0%
7861572
0%
7871574
0%
7881576
0%
7891578
0%
7911582
0%
7921584
0%
7931586
0%
7951590
0%
7981596
0%
8061612
0%
8091618
0%
8101620
0%
8111622
0%
8121624
0%
8181636
0%
8231646
0%
8281656
0%
8301660
0%
8351670
0%
8361672
0%
8371674
0%
8381676
0%
84168
0%
8421684
0%
8491698
0%
8551710
0%
8561712
0%
8571714
0%
8581716
0%
8631726
0%
8641728
0%
8651730
0%
8691738
0%
8701740
0%
8711742
0%
8731746
0%
8751750
0%
8781756
0%
8791758
0%
88176
0%
8811762
0%
8821764
0%
8871774
0%
8911782
0%
8921784
0%
8941788
0%
8951790
0%
8971794
0%
8981796
0%
918
0%
9061812
0%
9131826
0%
9141828
0%
9161832
0%
9181836
0%
9201840
0%
9241848
0%
9291858
0%
93186
0%
9331866
0%
9371874
0%
9381876
0%
9411882
0%
9431886
0%
9441888
0%
9451890
0%
95190
0%
9521904
0%
9561912
0%
9591918
0%
96192
0%
9651930
0%
9671934
0%
9691938
0%
9711942
0%
9751950
0%
9821964
0%
9861972
0%
1020
0%
101202
0%
109218
0%
111222
0%
119238
0%
132264
0%
136272
0%
137274
0%
138276
0%
1530
0%
151302
0%
152304
0%
166332
0%
168336
0%
169338
0%
170340
0%
171342
0%
173346
0%
176352
0%
177354
0%
178356
0%
182364
0%
183366
0%
186372
0%
194388
0%
197394
0%
198396
0%
203406
0%
205410
0%
208416
0%
209418
0%
2142
0%
2244
0%
221442
0%
228456
0%
229458
0%
231462
0%
233466
0%
237474
0%
238476
0%
2448
0%
242484
0%
243486
0%
244488
0%
245490
0%
246492
0%
247494
0%
252504
0%
254508
0%
258516
0%
266532
0%
267534
0%
268536
0%
269538
0%
271542
0%
273546
0%
276552
0%
278556
0%
284568
0%
286572
0%
289578
0%
292584
0%
293586
0%
301602
0%
307614
0%
309618
0%
320640
0%
322644
0%
3366
0%
330660
0%
331662
0%
337674
0%
341682
0%
342684
0%
345690
0%
346692
0%
354708
0%
355710
0%
356712
0%
358716
0%
359718
0%
361722
0%
363726
0%
3774
0%
372744
0%
373746
0%
374748
0%
376752
0%
377754
0%
385770
0%
387774
0%
389778
0%
391782
0%
4080
0%
401802
0%
403806
0%
409818
0%
412824
0%
419838
0%
4284
0%
420840
0%
423846
0%
429858
0%
4386
0%
436872
0%
438876
0%
449898
0%
451902
0%
457914
0%
463926
0%
467934
0%
471942
0%
473946
0%
477954
0%
478956
0%
4896
0%
481962
0%
483966
0%
484968
0%
486972
0%
487974
0%
492984
0%
494988
0%
495990
0%
496992
0%
499998
0%

Tulosjakauma

Persentiili vastausten määrän mukaan

Jokaisen tuloksen saaneiden osuus

Tuloshistoriasi

Et ole pelannut tätä visaa